| 000 | 00569nam a2200181Ia 4500 | ||
|---|---|---|---|
| 008 | 151018s9999 xx 000 0 und d | ||
| 082 |
_bRBASDV60353 _a891.433 |
||
| 100 | _aबद्री सिंह भाटीया | ||
| 245 | _aडी.एन.ए. | ||
| 250 | _b1 | ||
| 260 |
_bमित्तल एंड सन्स _c2011 |
||
| 300 | _a152 | ||
| 600 | _aबद्री सिंह भाटीया | ||
| 630 | _aडी.एन.ए. | ||
| 700 | _aबद्री सिंह भाटीया | ||
| 730 | _aडी.एन.ए. | ||
| 942 | _cBOOK | ||
| 999 |
_c1053895 _d1053892 |
||